000 00552nam a2200241Ia 4500
003 OSt
005 20221007082526.0
006 a|||||r|||| 00| 0
007 ta
008 221006b |||||||| |||| 00| 0 eng d
024 _a8,306
037 _cTextual
040 _aFLL
_cFLL
_beng
041 _2eng
_aeng
082 _aZ2,4, M7
100 _aIyer Ramasawamy
245 0 _aLaw of torts
250 _a8th
260 _c1987
300 _a644p
_ccm.
942 _hZ2,4, M7
_cTEXL
_2CC
999 _c1166719
_d1166719